Inovácie v obchodných službách v SR, súčasný stav a perspektívy
Výsledky výskumu v oblasti inovačnej aktivity podnikov obchodno-podnikateľských služieb realizovaný na vzorke 251 podnikov v r. 2008. Intenzita zmien vo vybraných oblastiach obchodných služieb. Miera závažnosti bariér inovatívneho správania podnikov obchodných služieb. Inovácie ako determinant úspeš...
Uložené v:
| Hlavný autor: | |
|---|---|
| Médium: | Kapitola |
| Jazyk: | Slovak |
| Predmet: | |
| Tagy: |
Žiadne tagy, Buďte prvý, kto otaguje tento záznam!
|
MARC
| LEADER | 00000naa$a2200000$$$4500 | ||
|---|---|---|---|
| 001 | 0128166 | ||
| 005 | 20240502072449.7 | ||
| 041 | 0 | |a slo | |
| 044 | |a SK | ||
| 245 | 1 | 0 | |a Inovácie v obchodných službách v SR, súčasný stav a perspektívy |c Viera Kubičková |
| 520 | |a Výsledky výskumu v oblasti inovačnej aktivity podnikov obchodno-podnikateľských služieb realizovaný na vzorke 251 podnikov v r. 2008. Intenzita zmien vo vybraných oblastiach obchodných služieb. Miera závažnosti bariér inovatívneho správania podnikov obchodných služieb. Inovácie ako determinant úspešnosti podnikania. Efekty inovácií. Inovačná perspektíva v podnikateľských službách. | ||
| 610 | 2 | 0 | |a inovácia |
| 610 | 2 | 0 | |a služby obchodné |
| 610 | 2 | 0 | |a podnikanie |
| 610 | 2 | 0 | |a spolupráca podnikov |
| 610 | 2 | 0 | |a konkurencieschopnosť |
| 610 | 2 | 0 | |a technológie nové |
| 610 | 2 | 0 | |a výskum |
| 610 | 2 | 0 | |a Slovensko |
| 100 | 1 | |a Kubičková, Viera, 1970- | |